Models of corporate social responsibility: socioeconomic aspect

Predstavenie a porovnanie modelov korporátnej spoločenskej zodpovednosti (CSR, corporate social responsibility). Štyri modely CSR podľa Carrolla. Štyri typy CSR podľa Brummera. Analýza socioekonomického aspektu v každom CSR modeli.

Gespeichert in:
Bibliographische Detailangaben
1. Verfasser: Dielini, M.M
Format: Buchkapitel
Sprache:Englisch
Schlagworte:
Tags: Tag hinzufügen
Keine Tags, Fügen Sie das erste Tag hinzu!

MARC

LEADER 00000nla a2200000 4500
001 0228412
005 20240417075112.4
041 0 |a eng 
044 |a DE 
245 1 0 |a Models of corporate social responsibility: socioeconomic aspect  |c M.M. Dielini 
520 |a Predstavenie a porovnanie modelov korporátnej spoločenskej zodpovednosti (CSR, corporate social responsibility). Štyri modely CSR podľa Carrolla. Štyri typy CSR podľa Brummera. Analýza socioekonomického aspektu v každom CSR modeli. 
610 2 0 |a zodpovednosť podniku spoločenská 
610 2 0 |a zodpovednosť právna 
610 2 0 |a zodpovednosť spoločenská 
610 2 0 |a filantropia 
610 2 0 |a etika 
610 2 0 |a modely 
610 2 0 |a podnikanie zodpovedné 
100 1 |a Dielini, M.M.